|
|
|
|
| LEADER |
02365nam a2200373 a 4500 |
| 001 |
4946 |
| 003 |
BD-DhAAL |
| 008 |
100701s2000 ii d 000 0 beno |
| 010 |
|
|
|a 2005320188
|z 2006348698
|
| 020 |
|
|
|a 8186806865
|
| 040 |
|
|
|a DLC
|c DLC
|d DLC
|d BD-DhAAL
|
| 082 |
0 |
0 |
|a 491/.44321
|2 21
|
| 245 |
0 |
0 |
|a Samsad Bengali-English dictionary /
|c compiled by Sailendra Biswas ; revised by Subhas Bhattacharya.
|
| 246 |
3 |
0 |
|a Bengali-English dictionary
|
| 250 |
|
|
|a Rev. & enl. 3rd ed.
|
| 260 |
|
|
|a Kolkata :
|b Sahitya Samsad :
|b Distributor, Indian Book Distributing Co.,
|c 2000.
|
| 300 |
|
|
|a 16, 1093 p. ;
|c 23 cm.
|
| 500 |
|
|
|a "Second edition edited by Birendramohan Dasgupta, revised by Subodhchandra Sengupta."
|
| 541 |
1 |
|
|e 4946, 8857, 8858, 20010
|
| 546 |
|
|
|a Bengali and English.
|
| 650 |
|
0 |
|a Bengali language
|v Dictionaries
|x English.
|
| 700 |
1 |
|
|a Biswas, Sailendra,
|d 1918-
|9 53877
|
| 700 |
1 |
|
|a Bhaṭṭācārya, Subhāsha.
|9 55857
|
| 852 |
4 |
|
|a Ayesha Abed Library
|c Reference Section
|
| 942 |
|
|
|2 ddc
|c BK
|
| 999 |
|
|
|c 9139
|d 9139
|
| 952 |
|
|
|0 0
|1 0
|2 ddc
|4 0
|6 491_000000000000000__44321_SAM_2009
|7 0
|9 11397
|a BRACUL
|b BRACUL
|c REF
|d 2010-07-01
|l 1
|m 13
|o 491.44321 SAM
|p 3010020010
|r 2025-02-10
|s 2024-10-26
|t 4
|w 2010-07-01
|y BK
|
| 952 |
|
|
|0 0
|1 0
|2 ddc
|4 0
|6 491_443210000000000_SAM
|7 0
|9 20040
|a BRACUL
|b BRACUL
|c REF
|d 2012-04-17
|l 0
|o 491.44321 SAM
|p 3010024970
|r 2012-04-17
|t 5
|w 2012-04-17
|y BK
|
| 952 |
|
|
|0 0
|1 0
|2 ddc
|4 0
|6 491_443210000000000_SAM
|7 0
|9 21042
|a BRACUL
|b BRACUL
|c REF
|d 2012-08-29
|e JNJ Publishers
|g 310.00
|l 1
|m 12
|o 491.44321 SAM
|p 3010025898
|r 2025-01-13
|s 2024-10-26
|t 6
|w 2012-08-29
|y BK
|
| 952 |
|
|
|0 0
|1 0
|2 ddc
|4 0
|6 491_443210000000000_SAM
|7 0
|9 44576
|a BRACUL
|b BRACUL
|c REF
|d 2014-12-31
|g 150.00
|l 0
|o 491.44321 SAM
|p 3010004946
|r 2014-12-31
|t 1
|w 2014-12-31
|y BK
|
| 952 |
|
|
|0 0
|1 0
|2 ddc
|4 0
|6 491_443210000000000_SAM
|7 0
|9 44578
|a BRACUL
|b BRACUL
|c REF
|d 2014-12-31
|l 0
|o 491.44321 SAM
|p 3010008858
|r 2014-12-31
|t 3
|w 2014-12-31
|y BK
|
| 952 |
|
|
|0 0
|1 0
|2 ddc
|4 0
|6 491_443210000000000_SAM
|7 0
|9 54575
|a SCL
|b SCL
|c REF
|d 2015-06-28
|l 0
|o 491.44321 SAM
|p 3020001238
|r 2015-06-28
|t 7
|w 2015-06-28
|y BK
|
| 952 |
|
|
|0 0
|1 0
|2 ddc
|4 0
|6 491_000000000000000__44321_SAM
|7 0
|9 56352
|a SCL
|b SCL
|c GEN
|d 2015-10-18
|l 0
|o 491.44321 SAM
|p 3020004762
|r 2015-10-18
|t 8
|w 2015-10-18
|y BK
|
| 952 |
|
|
|0 0
|1 0
|2 ddc
|4 0
|6 491_443210000000000_SAM
|7 0
|9 74876
|a BRACUL
|b BRACUL
|c REF
|d 2023-12-21
|l 0
|o 491.44321 SAM
|p 3010008857
|r 2023-12-21
|t 2
|w 2023-12-21
|y BK
|